000 00494nam a2200193Ia 4500
003 OSt
005 20220926044618.0
006 a|||||r|||| 00| 0
007 ta
008 220923b |||||||| |||| 00| 0 eng d
037 _cGeneral Book
040 _aRTL
_cRTL
_beng
041 _2eng
_aeng
082 _aSigma.19Ds, H5
245 0 _aStatistical handbook of middle eastern countries
260 _c1945
942 _hSigma.19Ds, H5
_cGB
_2CC
999 _c675318
_d675318